Estatísticas para Cultura Geral

Clique aqui para jogar o quiz

Estatísticas Gerais

  • Esse quiz foi jogado 24 vezes
  • A pontuação média é 7 de 15

Estatísticas das Respostas

HintResposta% Correto
Que unidade de medida significa o g?Grama
100%
Que nome damos á pessoa que fornece educação para alunos?Professor
86%
Que nome damos ao subproduto líquido do corpo secretada pelos rins, depositada na bexiga e excretado pela uretra?Urina
86%
Que é o símbolo do boro?B
82%
Qual é o símbolo do titânio?Ti
82%
Fish and chips é um prato típico de que país?Reino Unido
64%
Em que país podemos encontrar a cidade de Malmo?Suécia
59%
Que nome damos á condição social humana onde há baixa disponibilidade ou total ausência de certos recursos?Pobreza
50%
Bornholm æggekage é um prato típico de que país?Dinamarca
27%
Que nome damos ao estado de bem-estar físico, mental e social, na ausência de doenças e enfermidades?Saúde
27%
Que nome damos ao ato de copiar ou reproduzir ou adulterar, sem autorização, documentos, produtos ou serviços, de forma a obter vantagem?Falsificação
18%
Em que país podemos encontrar a cidade Loja?Equador
14%
Qual é a forma mais comum de se decidir o vencedor em determinadas competições em caso de empate no tempo normal, por meio de um acréscimo ao tempo regulamentar?Prolongamento
14%
Que nome damos ao sistema onde o alimento é colocado em uma área pública para os consumidores se servirem?Bufê
0%
Mars frito é um doce típico de que país?Escócia
0%

Distribuição das Pontuações

Percentil de Números Respondidos

Porcentagem de Pessoas com Cada Pontuação

Sua Pontuação Histórica

Você não jogou esse quiz